Dadah pembunuh
| Main Author: | |
|---|---|
| Format: | Book |
| Published: |
Kuala Lumpur :
Delmu (M) Sdn.Bhd. ,
1992
|
| Subjects: |
MARC
| LEADER | 00000cam a2200000 7i4500 | ||
|---|---|---|---|
| 001 | 0000005921 | ||
| 002 | 000006396 | ||
| 005 | 20000330.0 | ||
| 020 | |a 983974304X | ||
| 090 | 0 | 0 | |a 362.69 |b ABD |
| 100 | 0 | |a Abdul Ghafar Talib | |
| 245 | 1 | 0 | |a Dadah pembunuh |c Abdul Ghafar Taib |
| 255 | |a Jilid 1 | ||
| 260 | |a Kuala Lumpur : |b Delmu (M) Sdn.Bhd. , |c 1992 | ||
| 300 | |a 48p. : |b ill. ; |c 27cm. | ||
| 650 | 0 | 0 | |a Drug abuse |z Malaysia |
| 650 | 0 | 0 | |a Drugs |
| 999 | |a 033268 |b BUKU |c MALAYSIANA |e PERPUSTAKAAN KOMUNITI PETALING JAYA | ||
| 999 | |a 042618 |b BUKU |c PINJAMAN |e PERPUSTAKAAN KOMUNITI PETALING JAYA | ||